00642nam a22001817a 4500003000400000005001700004008004100021020001500062040001400077100002200091245009300113260002500206300001100231500014100242650002600383650002800409700002300437OSt20131204142148.0131030t1981 xxu||||| |||| 00| 0 eng d a9682409942 cCDMRbcat aMier, Luis Javier aPeriodismo interpretativob: entrevistas con ocho escritores mexicanoscLuis Javier Mier aMexicobtrillac1981 a190 p. aEntrevistes a Gustavo Sainz, Juan Tovar, Ignacio Solares, René Avilés Fabila, Luis Carrión, Jorge Arturo Ojeda, Jorge Aguilar Mora04aEscriptorsvIntervius04aPeriodisme i literatura aCarbonell, Dolores